[Event "Budapest SixDays 09 IM-A"]
[Site "Budapest"]
[Date "2024.09.26"]
[Round "5"]
[White "Kao, Jamison Edrich"]
[Black "Bashylina, Luisa"]
[Result "0-1"]
[WhiteElo "2125"]
[BlackElo "2124"]
[PlyCount "202"]
[EventDate "2024.09.24"]
[EventType "tourn"]
[EventRounds "9"]
[EventCountry "HUN"]
[SourceTitle "EXT 2025"]
[Source "ChessBase"]
[SourceDate "2024.10.14"]
[SourceVersion "1"]
[SourceVersionDate "2024.10.14"]
[SourceQuality "1"]

1. e4 c5 2. Nf3 d6 3. d4 cxd4 4. Nxd4 Nf6 5. Nc3 a6 6. g3 e5 7. Nb3 Be7 8. Bg2 b5 9. 0-0 0-0 10. h3 Be6 11. Nd5 Nxd5 12. exd5 Bc8 13. Bd2 f5 14. Na5 Bf6 15. c4 e4 16. Qc2 Nd7 17. Nc6 Qe8 18. Bb4 Be5 19. Rac1 bxc4 20. Rfd1 Rf6 21. Qxc4 Bxb2 22. Rc2 Be5 23. Rdc1 Bb7 24. Qb3 Qf7 25. Bxd6 Bxc6 26. Bxe5 Nxe5 27. dxc6 Qxb3 28. axb3 Nd3 29. c7 Rc8 30. Rd1 Rf7 31. f3 Rfxc7 32. Rxc7 Rxc7 33. fxe4 fxe4 34. Bxe4 Ne5 35. Ra1 Rc3 36. Kg2 Kf8 37. Bd5 Rc2+ 38. Kg1 Rc5 39. Bg2 a5 40. Ra2 h6 41. Kf2 Nd3+ 42. Ke3 Nc1 43. Rb2 Rb5 44. b4 Rxb4 45. Rxb4 axb4 46. Bf1 Nb3 47. Kd3 Ke7 48. Bg2 Nc1+ 49. Kc4 Ne2 50. Kxb4 Nxg3 51. Kc5 Kf6 52. Kd4 Kg5 53. Ke3 Nf5+ 54. Kf2 Kf4 55. Bf1 Nd4 56. Ba6 h5 57. Bc8 Kg5 58. Kg3 Ne2+ 59. Kf3 Nc3 60. Kg3 Ne4+ 61. Kf3 Nd6 62. Bd7 Kh4 63. Kg2 g6 64. Kh2 Nf5 65. Bc8 Kg5 66. Kg2 Kf4 67. Kf2 Nh4 68. Bd7 Nf3 69. Bc8 Ne5 70. Be6 Nf3 71. Bc8 Nd4 72. Bd7 Kg5 73. Bc8 Kh4 74. Kg2 Ne2 75. Bd7 Nf4+ 76. Kh2 Ne2 77. Kg2 Nd4 78. Bc8 Kg5 79. Kg3 h4+ 80. Kf2 Kf4 81. Bd7 Nf5 82. Bc8 Ng3 83. Bd7 Ne4+ 84. Kg2 Ke3 85. Be8 g5 86. Bb5 Nf2 87. Bc6 Ne4 88. Bb5 Ng3 89. Ba6 Nh5 90. Bb7 Nf4+ 91. Kh2 Kf2 92. Bc8 Ng6 93. Bd7 Ne5 94. Bc8 Nf3+ 95. Kh1 Kg3 96. Bd7 Ne1 97. Bf5 Ng2 98. Bg4 Nf4 99. Bc8 Nxh3 100. Bb7 Nf2+ 101. Kg1 h3 0-1

[Event "German Masters (Women)"]
[Site "Ostfildern"]
[Date "2024.08.27"]
[Round "9"]
[White "Bashylina, Luisa"]
[Black "Sieber, Fiona"]
[Result "0-1"]
[WhiteElo "2176"]
[BlackElo "2218"]
[PlyCount "86"]
[EventDate "2024.08.19"]
[EventType "tourn"]
[EventRounds "9"]
[EventCountry "GER"]
[SourceTitle "CBM 221 Extra"]
[Source "ChessBase"]
[SourceDate "2024.09.30"]
[SourceVersion "1"]
[SourceVersionDate "2024.09.30"]
[SourceQuality "1"]

1. d4 Nf6 2. c4 e6 3. Nc3 Bb4 4. e3 0-0 5. Bd3 d5 6. Nge2 dxc4 7. Bxc4 c5 8. a3 Bxc3+ 9. bxc3 Qc7 10. Ba2 e5 11. d5 c4 12. Ng3 Qa5 13. e4 Qxc3+ 14. Bd2 Qxa3 15. Bxc4 Qc5 16. Qb3 Na6 17. 0-0 Bd7 18. Bg5 Qd6 19. Bb5 Nc5 20. Qb4 Bxb5 21. Qxb5 Nfxe4 22. Nf5 Qd7 23. Qxd7 Nxd7 24. Be7 Rfe8 25. d6 f6 26. f3 Nec5 27. Ne3 Nb6 28. Ra5 Rec8 29. Rd1 Kf7 30. g4 Ncd7 31. Rb1 Rc3 32. Nd5 Nxd5 33. Rxd5 b6 34. Kg2 Rac8 35. Ra1 a5 36. g5 Rc2+ 37. Kg3 Rb2 38. h4 Rcc2 39. gxf6 Rg2+ 40. Kh3 Rh2+ 41. Kg4 Rbg2+ 42. Kf5 Rxh4 43. fxg7 Rf4# 0-1

[Event "German Masters (Women)"]
[Site "Ostfildern"]
[Date "2024.08.24"]
[Round "6"]
[White "Bashylina, Luisa"]
[Black "Schulze, Lara"]
[Result "0-1"]
[WhiteElo "2176"]
[BlackElo "2306"]
[PlyCount "96"]
[EventDate "2024.08.19"]
[EventType "tourn"]
[EventRounds "9"]
[EventCountry "GER"]
[SourceTitle "CBM 221 Extra"]
[Source "ChessBase"]
[SourceDate "2024.09.30"]
[SourceVersion "1"]
[SourceVersionDate "2024.09.30"]
[SourceQuality "1"]

1. d4 Nf6 2. c4 e6 3. Nc3 Bb4 4. e3 0-0 5. Bd3 d5 6. Nge2 c5 7. a3 Bxc3+ 8. bxc3 dxc4 9. Bxc4 Qc7 10. Bd3 Nc6 11. 0-0 e5 12. Ng3 Bg4 13. f3 Be6 14. f4 exd4 15. cxd4 Rad8 16. Rb1 Rfe8 17. h3 Bd5 18. Qc2 c4 19. Bf5 g6 20. Bg4 Ne4 21. Ne2 Ne7 22. Bf3 Qc6 23. Nc3 Nxc3 24. Qxc3 Nf5 25. Kh2 Nd6 26. Qa5 Ne4 27. Qxa7 c3 28. Qa5 Qc4 29. Re1 Qa2 30. Qb6 Qf2 31. Re2 Qg3+ 32. Kg1 Bc4 33. Bxe4 Bxe2 34. Qf6 Rd7 35. Bc2 Bf3 36. Qg5 Qe1+ 37. Kh2 Qf2 38. Ba4 Bc6 39. Bb3 Be4 40. Ra1 h6 41. Qg4 Rd6 42. a4 h5 43. Qg5 Kg7 44. Ra2 c2 45. d5 f6 46. Qg3 Qxg3+ 47. Kxg3 Rc8 48. Kf2 Bxd5 0-1

[Event "German Masters (Women)"]
[Site "Ostfildern"]
[Date "2024.08.22"]
[Round "4"]
[White "Bashylina, Luisa"]
[Black "Zhou, Lepu Coco"]
[Result "1-0"]
[WhiteElo "2176"]
[BlackElo "2095"]
[PlyCount "83"]
[EventDate "2024.08.19"]
[EventType "tourn"]
[EventRounds "9"]
[EventCountry "GER"]
[SourceTitle "CBM 221 Extra"]
[Source "ChessBase"]
[SourceDate "2024.09.30"]
[SourceVersion "1"]
[SourceVersionDate "2024.09.30"]
[SourceQuality "1"]

1. d4 d5 2. c4 e6 3. Nc3 Nf6 4. cxd5 Nxd5 5. e4 Nxc3 6. bxc3 c5 7. Nf3 cxd4 8. cxd4 Bb4+ 9. Bd2 Bxd2+ 10. Qxd2 0-0 11. Bc4 Nd7 12. 0-0 b6 13. Rfe1 Bb7 14. Rad1 Rc8 15. Bb3 Re8 16. Re3 Nf6 17. d5 exd5 18. e5 d4 19. Nxd4 Ng4 20. e6 Bd5 21. Bxd5 Qxd5 22. Rg3 Nf6 23. Rg5 Qd8 24. exf7+ Kxf7 25. h4 h6 26. Rg3 Ne4 27. Qf4+ Qf6 28. Nf5 Nxg3 29. Rd7+ Kf8 30. Qxg3 g6 31. Nxh6 Re7 32. Rd3 Kg7 33. Rf3 Qa1+ 34. Kh2 Rc1 35. Nf5+ Kh7 36. Qf4 Rh1+ 37. Kg3 g5 38. hxg5 Rf7 39. Qd6 Kh8 40. g6 Rxf5 41. Rxf5 Qc3+ 42. Rf3 1-0

[Event "Titled Tuesday intern op 13th Aug Early"]
[Site "Chess.com INT"]
[Date "2024.08.13"]
[Round "2"]
[White "Bilan, Danila"]
[Black "Bashylina, Luisa"]
[Result "1-0"]
[WhiteElo "2303"]
[BlackElo "2176"]
[PlyCount "55"]
[EventDate "2024.08.13"]
[EventType "swiss (blitz)"]
[EventRounds "11"]
[EventCountry "USA"]
[SourceTitle "EXT 2025"]
[Source "ChessBase"]
[SourceDate "2024.10.14"]
[SourceVersion "1"]
[SourceVersionDate "2024.10.14"]
[SourceQuality "1"]

1. d4 Nf6 2. Nf3 g6 3. Bg5 Bg7 4. c3 0-0 5. Nbd2 d6 6. e4 h6 7. Bh4 c5 8. dxc5 dxc5 9. Bc4 Nc6 10. 0-0 Na5 11. e5 Ng4 12. e6 Nxc4 13. exf7+ Rxf7 14. Nxc4 Be6 15. Qe2 Bd5 16. Nfe5 Bxc4 17. Qxg4 Bxe5 18. Qxc4 g5 19. Bg3 Bd6 20. Rad1 Qc7 21. Qe6 Kg7 22. Bxd6 exd6 23. Rxd6 Rh8 24. Rfd1 h5 25. Qg6+ Kf8 26. Rd8+ Ke7 27. Qxg5+ Ke6 28. Rxh8 1-0

[Event "Titled Tuesday intern op 30th Jul Late"]
[Site "Chess.com INT"]
[Date "2024.07.30"]
[Round "7"]
[White "Bashylina, Luisa"]
[Black "Asensio Ramos, Enrique Fernando"]
[Result "1/2-1/2"]
[WhiteElo "2223"]
[BlackElo "2215"]
[PlyCount "98"]
[EventDate "2024.07.30"]
[EventType "swiss (blitz)"]
[EventRounds "11"]
[EventCountry "USA"]
[SourceTitle "EXT 2025"]
[Source "ChessBase"]
[SourceDate "2024.10.14"]
[SourceVersion "1"]
[SourceVersionDate "2024.10.14"]
[SourceQuality "1"]

1. d4 d5 2. Nf3 e6 3. Bf4 h6 4. e3 Nf6 5. Bd3 Bd6 6. Ne5 a6 7. Nd2 c5 8. c3 Nc6 9. Bg3 Qc7 10. f4 Ne7 11. 0-0 b5 12. Bh4 Bb7 13. Rf3 Nf5 14. Bxf6 gxf6 15. Ng4 0-0-0 16. Bxf5 exf5 17. Nxf6 h5 18. Rh3 h4 19. Qc2 Kb8 20. Qxf5 Bc8 21. Qxd5 Bxh3 22. gxh3 Bxf4 23. Qf3 Bxh2+ 24. Kh1 cxd4 25. cxd4 Bg3 26. Nde4 Rh6 27. Nc5 Ka7 28. Rc1 Rc8 29. b4 Qc6 30. Nfe4 Rf8 31. Rd1 Qd5 32. Rd2 f5 33. Ng5 Qxf3+ 34. Nxf3 Re8 35. Rd3 f4 36. e4 Rd6 37. e5 Rd5 38. Kg2 a5 39. a3 a4 40. Rd2 Red8 41. Rd3 Kb6 42. Kf1 Rg8 43. Ke2 Rdd8 44. d5 Rge8 45. d6 Kc6 46. Na6 Kb6 47. Nc5 Kc6 48. Ne4 Rd7 49. Nc5 Rdd8 1/2-1/2

[Event "Titled Tuesday intern op 30th Jul Late"]
[Site "Chess.com INT"]
[Date "2024.07.30"]
[Round "2"]
[White "Bashylina, Luisa"]
[Black "D'Arruda, Ricardo D"]
[Result "0-1"]
[WhiteElo "2223"]
[BlackElo "2271"]
[PlyCount "68"]
[EventDate "2024.07.30"]
[EventType "swiss (blitz)"]
[EventRounds "11"]
[EventCountry "USA"]
[SourceTitle "EXT 2025"]
[Source "ChessBase"]
[SourceDate "2024.10.14"]
[SourceVersion "1"]
[SourceVersionDate "2024.10.14"]
[SourceQuality "1"]

1. e4 c5 2. Nf3 Nc6 3. Bb5 g6 4. Bxc6 bxc6 5. 0-0 Bg7 6. c3 e5 7. d3 Ne7 8. Be3 d6 9. Na3 0-0 10. d4 cxd4 11. cxd4 exd4 12. Bxd4 Bxd4 13. Qxd4 c5 14. Qd3 Bb7 15. Rfd1 d5 16. exd5 Qxd5 17. Qxd5 Nxd5 18. Rac1 Rac8 19. Nb5 Nf4 20. Rc2 Bxf3 21. gxf3 a6 22. Nd6 Rc6 23. Ne4 c4 24. Kf1 Rfc8 25. Rc3 Kg7 26. Rdc1 Nd3 27. R1c2 Nb4 28. Rd2 Nxa2 29. Ra3 Nb4 30. Ra4 Nd3 31. Nc3 Rb8 32. Ra2 Rcb6 33. Na4 Rb4 34. Ke2 Nc1+ 0-1

[Event "Titled Tuesday intern op 30th Jul Early"]
[Site "Chess.com INT"]
[Date "2024.07.30"]
[Round "2"]
[White "Bashylina, Luisa"]
[Black "Herman, Daniel"]
[Result "0-1"]
[WhiteElo "2223"]
[BlackElo "1936"]
[PlyCount "110"]
[EventDate "2024.07.30"]
[EventType "swiss (blitz)"]
[EventRounds "11"]
[EventCountry "USA"]
[SourceTitle "EXT 2025"]
[Source "ChessBase"]
[SourceDate "2024.10.14"]
[SourceVersion "1"]
[SourceVersionDate "2024.10.14"]
[SourceQuality "1"]

1. d4 g6 2. e4 Bg7 3. Be3 d6 4. c3 Nf6 5. Bd3 e5 6. Ne2 0-0 7. 0-0 Nc6 8. Nd2 Ng4 9. Nf3 Nxe3 10. fxe3 Bh6 11. Qd2 exd4 12. cxd4 Qe7 13. Nf4 Bd7 14. Nd5 Qd8 15. Qf2 Bg7 16. Rac1 Be6 17. a3 Bxd5 18. exd5 Ne7 19. e4 c6 20. dxc6 bxc6 21. Kh1 Qb6 22. Bc4 d5 23. exd5 cxd5 24. Ba2 Rad8 25. Rc5 Rd6 26. b4 Qa6 27. Re1 Nf5 28. Bxd5 Qxa3 29. g4 Nxd4 30. Nxd4 Qd3 31. Bxf7+ Rxf7 32. Rc8+ Bf8 33. Qa2 Qxd4 34. Rf1 Qd5+ 35. Qxd5 Rxd5 36. Rxf7 Kxf7 37. Rc7+ Kg8 38. Rxa7 Rb5 39. Kg2 Rxb4 40. Kg3 g5 41. h4 Bd6+ 42. Kh3 Rb3+ 43. Kg2 gxh4 44. Ra8+ Kg7 45. Ra6 Kf6 46. Rxd6+ Kg5 47. Rd7 h6 48. Rg7+ Kf4 49. Rh7 Kxg4 50. Rxh6 Rb2+ 51. Kf1 h3 52. Rg6+ Kf3 53. Kg1 Rb1+ 54. Kh2 Rc1 55. Kxh3 Rh1# 0-1

[Event "Titled Tuesday intern op 30th Jul Early"]
[Site "Chess.com INT"]
[Date "2024.07.30"]
[Round "3"]
[White "Silva, Lucas"]
[Black "Bashylina, Luisa"]
[Result "0-1"]
[WhiteElo "2248"]
[BlackElo "2223"]
[PlyCount "48"]
[EventDate "2024.07.30"]
[EventType "swiss (blitz)"]
[EventRounds "11"]
[EventCountry "USA"]
[SourceTitle "EXT 2025"]
[Source "ChessBase"]
[SourceDate "2024.10.14"]
[SourceVersion "1"]
[SourceVersionDate "2024.10.14"]
[SourceQuality "1"]

1. d4 Nf6 2. c4 g6 3. Nc3 Bg7 4. e4 d6 5. Nf3 0-0 6. Be2 e5 7. 0-0 exd4 8. Nxd4 Re8 9. Qc2 Nc6 10. Nxc6 bxc6 11. Rd1 Qe7 12. f3 Be6 13. b3 d5 14. Be3 dxe4 15. fxe4 Bg4 16. Rac1 Bxe2 17. Qxe2 Nxe4 18. Na4 Nd6 19. Rd3 Nf5 20. Re1 Nxe3 21. Qxe3 Qxe3+ 22. Rexe3 Rxe3 23. Rxe3 Bd4 24. Kf2 Re8 0-1